000 00304nam a22001337a 4500
008 180223b xxu||||| |||| 00| 0 eng d
020 _a9780875962979
041 _aeng
080 _a612.39
100 _a10
101 _aNUT
245 _aThe male body: an owner's manual
_cCaine,K.W
942 _2udc
_cBK
999 _c43323
_d43323